000 01325nam a2200241Ia 4500
999 _c44263
_d44263
001 11021
003 GE_BSU
005 20230523115746.0
008 181216s1981||||ge |||||||||||||| ||geo||
040 _cGE_BSU
041 _ageo
080 _a031=353.1 ქ-27
245 _aქართული საბჭოთა ენციკლოპედია :
_bსაქართველოს სსრ /
_cმთ. რედ.: ირ. აბაშიძე [და სხვ.]; მხატვ. ლადო გრიგოლია.
264 _aთბილისი :
_bმთავარი სამეცნიერო რედაქცია,
_c1981.
300 _a360 გვ.:
_bილ; რუკა;
_c27სმ.
653 _aქართული საბჭოთა ენციკლოპედია
653 _aსაქართველოს სსრ -- ენციკლოპედიები
700 _aაბაშიძე, ირაკლი
_eრედაქტორი
_918181
700 _aანდრონიკაშვილი, ე.
_eრედაქტორი
_918182
700 _aბარამიძე, ა. და სხვ.
_eრედაქტორი
_918183
700 _aგრიგოლია, ლადო
_eმხატვარი
_916464
942 _cBK
_2udc